000 00323 a2200109 4500
001 68575
040 _cAnchieta - Itaigara
240 1 0 _aDr.Dentuço e a lenda do reino dos dentes
_l
245 1 0 _aDr.Dentuço e a lenda do reino dos dentes
650 4 _aDocumentários, mídia educacional, jornalismo e publicidade
942 _cMX
999 _c68575
_d68575